Reglamento de la Prisión Celular de Madrid (Record no. 167064)

MARC details
000 -LEADER
campo de control de longitud fija 00669nam a2200169 i 4500
001 - NÚMERO DE CONTROL
campo de control 167064
003 - IDENTIFICADOR DE NÚMERO DE CONTROL
campo de control ES-MaACL
005 - FECHA Y HORA DE LA ÚLTIMA TRANSACCIÓN
campo de control 20230906213443.0
008 - DATOS DE LONGITUD FIJA--INFORMACIÓN GENERAL
campo de control de longitud fija 150409s1894 sp |||| | spa d
110 2# - ENTRADA PRINCIPAL--NOMBRE DE ENTIDAD CORPORATIVA
Nombre de entidad corporativa o nombre de jurisdicción como elemento de entrada Prisión Celular de Madrid.
9 (RLIN) 134763
245 10 - MENCIÓN DEL TÍTULO
Título Reglamento de la Prisión Celular de Madrid
Resto del título : aprobado por Real Orden de 23 de Febrero de 1894 dictada por el Ministerio de Gracia y Justicia.
260 ## - PUBLICACIÓN, DISTRIBUCIÓN, ETC.
Lugar de publicación, distribución, etc. Madrid :
Nombre del editor, distribuidor, etc. [s.n.],
Fecha de publicación, distribución, etc. 1894 (
Fabricante Imp. de la Viuda de M. Minuesa de los Ríos)
300 ## - DESCRIPCIÓN FÍSICA
Extensión 82 p. ;
Dimensiones 19 cm.
610 24 - PUNTO DE ACCESO ADICIONAL DE MATERIA--NOMBRE DE ENTIDAD CORPORATIVA
Nombre de entidad corporativa o nombre de jurisdicción como elemento de entrada Prisión Celular de Madrid.
9 (RLIN) 134763
650 #4 - PUNTO DE ACCESO ADICIONAL DE MATERIA--TÉRMINO DE MATERIA
Término de materia o nombre geográfico como elemento de entrada Establecimientos penitenciarios-
Subdivisión geográfica Madrid.
9 (RLIN) 143330
852 ## - LOCALIZACIÓN
Ubicación ES-MaACL
Número de control de estantería T-735-F-3
Holdings
Estatus retirado Estado de pérdida Estado de daño No para préstamo Colección Biblioteca de origen Biblioteca actual Ubicación en estantería Fecha de adquisición Fuente de adquisición Total de préstamos Signatura topográfica completa Código de barras Visto por última vez Precio de reemplazo Tipo de ítem Koha
        Colección de folletos Biblioteca del Ateneo de Madrid Biblioteca del Ateneo de Madrid Depósito folletos 09/04/2015     T-735-F-3 1193705 23/02/2023 23/02/2023 Folleto